000
00335nam a22001457a 4500
005
20160325070031.0
008
100603s2010 nyua 001 0 eng
020
_a
9780071748698
020
_a
0071748695
041
0
_a
eng
080
_a
004
245
1
0
_a
How to do everything.
_p
iPad /
_c
Joli Ballew.
246
3
0
_a
iPad
942
_2
udc
_c
BK
999
_c
573
_d
573